| 000 | 01198nam a2200241Ia 4500 | ||
|---|---|---|---|
| 003 | OSt | ||
| 005 | 20221213101824.0 | ||
| 008 | 210310s1978 ck gr 000 0 spa d | ||
| 040 |
_aCO-JMCR _cCO-JMCR |
||
| 041 | 0 | _aspa | |
| 082 | 0 | 4 |
_223 _a657.42 / _bG215a |
| 100 | 1 |
_aGarcia Rojas, Bianor, _935389 _eautor |
|
| 245 | 1 | 0 |
_aAnálisis financieros, costos y presupuestos / _cBianor García Rojas |
| 250 | _aPrimera edición | ||
| 260 |
_aBogotá : _bEdiciones Universidades Simón Bolívar, Libre de Pereira y de Medellín, _c1978 |
||
| 300 |
_a118 páginas ; _c17 cm |
||
| 490 | 0 |
_aUniversidad y pueblo ; _v29 |
|
| 504 | _aBibliografía: páginas 117-118 | ||
| 505 | 0 | _aDefinición, elementos y sistemas de contabilidad de costos -- Los costos en los presupuestos por programas -- Los esquemas de costos para el sector público -- La contabilidad de costos y la medición de resultados físicos -- Centros de concentración de gastos -- Características de la contabilidad de costos en unidades de programación simples -- El sistema de costeo directo -- Aspectos sobre análisis de estados financieros | |
| 650 | 1 | 4 |
_aContabilidad de costos _935391 |
| 650 | 2 | 4 | _aFinanzas |
| 942 |
_2ddc _cBK |
||
| 999 |
_c15126 _d15126 |
||